书目信息 |
| 题名: |
跨文化交流与沟通
|
|
| 作者: | 吴玉伦 编著 | |
| 分册: | ||
| 出版信息: | 北京 中国社会科学出版社 2013 |
|
| 页数: | 229页 | |
| 开本: | 24cm | |
| 丛书名: | ||
| 单 册: | ||
| 中图分类: | G115 | |
| 科图分类: | ||
| 主题词: | 文化交流--研究 , 文化交流 | |
| 电子资源: | ||
| ISBN: | 978-7-5161-2729-2 | |
| 000 | 00926nam0 2200253 450 | |
| 001 | 523 | |
| 005 | 20140909170404.10 | |
| 010 | @a978-7-5161-2729-2@dCNY50.00 | |
| 100 | @a20131223d2013 em y0chiy50 ea | |
| 101 | 0 | @aeng@gchi |
| 102 | @aCN@b110000 | |
| 105 | @ay z 000yy | |
| 106 | @ar | |
| 200 | 1 | @a跨文化交流与沟通@AKua Wen Hua Jiao Liu Yu Gou Tong@dIntercultural communication@f吴玉伦编著@FWu Yu Lun Bian Zhu@zeng |
| 210 | @a北京@c中国社会科学出版社@d2013 | |
| 215 | @a229页@d24cm | |
| 330 | @a本书共分12章,分别论述了学习跨文化交流的重要意义、交流与文化、文化观念、文化偏见、语言与文化、非语言交流、社会交往、人际关系、跨文化环境、跨文化能力、跨文化适应以及跨文化训练。 | |
| 510 | 1 | @aIntercultural communication@zeng |
| 606 | 0 | @a文化交流@x研究 |
| 606 | 0 | @a文化交流 |
| 690 | @aG115@v5 | |
| 701 | 0 | @a吴玉伦@AWu Yu Lun@f(1957~)@4编著 |
| 801 | 0 | @aCN@bTANGWEI@c20140603 |
| 905 | @b0840073-75@dG115@e35@f3 | |
| 跨文化交流与沟通=Intercultural communication/吴玉伦编著.-北京:中国社会科学出版社,2013 |
| 229页;24cm |
| ISBN 978-7-5161-2729-2:CNY50.00 |
| 本书共分12章,分别论述了学习跨文化交流的重要意义、交流与文化、文化观念、文化偏见、语言与文化、非语言交流、社会交往、人际关系、跨文化环境、跨文化能力、跨文化适应以及跨文化训练。 |
| ● |
| 相关链接 |
|
|
|
|
正题名:跨文化交流与沟通
索取号:G115/35
 
预约/预借
| 序号 | 登录号 | 条形码 | 馆藏地/架位号 | 状态 | 备注 |
| 1 | 0840073 | 208400737 | 第一样本阅览室/ [索取号:G115/35] | 在馆 | |
| 2 | 0840074 | 208400746 | 第四借阅区/ [索取号:G115/35] | 在馆 | |
| 3 | 0840075 | 208400755 | 第四借阅区/ [索取号:G115/35] | 在馆 |